| 000 | 00612cas a22001935 4500 | ||
|---|---|---|---|
| 001 | E144506 | ||
| 008 | 080723c2000 xxktr p 0 a0eng u | ||
| 035 | _a(Sirsi) u144506 | ||
| 041 | 0 | _aeng | |
| 110 | 2 |
_aScottish Property Network _93513 |
|
| 245 | 0 | 0 | _aScottish Property Bulletin |
| 260 |
_a[Glasgow] _bScottish Property Network _c2000- |
||
| 362 | 0 | _a(1) December 2000-(12) February 2004 | |
| 554 | _aThree per year | ||
| 651 | 4 |
_aScotland _y1999- |
|
| 690 | _aPROPERTY-COMMERCIAL PROPERTY-COMMERCIAL PROPERTY MARKET | ||
| 710 | 2 |
_aRoyal Institution of Chartered Surveyors _bScotland _93082 |
|
| 942 | _n0 | ||
| 999 |
_c119190 _d119190 |
||